[Event "Krakow op-B 29th"]
[Site "Krakow"]
[Date "2018.12.29"]
[Round "3"]
[White "Pilch, Anna"]
[Black "Wnek, Filip"]
[Result "1-0"]
[WhiteElo "1838"]
[BlackElo "1735"]
[PlyCount "133"]
[EventDate "2018.12.27"]
[EventType "swiss"]
[EventRounds "9"]
[EventCountry "POL"]
[SourceTitle "CBM 189 Extra"]
[Source "ChessBase"]
[SourceDate "2019.06.03"]
[SourceVersion "1"]
[SourceVersionDate "2019.06.03"]
[SourceQuality "1"]

1. e4 c5 2. Nf3 Nc6 3. d4 cxd4 4. Nxd4 e5 5. Nb5 d6 6. N1c3 a6 7. Na3 b5 8. Nd5 Nge7 9. c4 Nxd5 10. cxd5 Nd4 11. Nc2 Bg4 12. Qd3 Nxc2+ 13. Qxc2 Be7 14. Be2 Rc8 15. Qd3 Bxe2 16. Qxe2 0-0 17. 0-0 Qa5 18. Be3 Rc4 19. Qd3 Qb4 20. b3 Rc7 21. Bd2 Qa3 22. Bc1 Qc5 23. Be3 Qc2 24. Qxc2 Rxc2 25. Rfc1 Rfc8 26. g3 Kf8 27. Kf1 Ke8 28. Ke1 Kd7 29. Kd1 Rxc1+ 30. Rxc1 Rxc1+ 31. Kxc1 g6 32. Kd2 Bd8 33. h3 Ba5+ 34. Ke2 Ke7 35. g4 f6 36. f4 Kf7 37. g5 Bd8 38. gxf6 Kxf6 39. Kf3 Bc7 40. Kg4 h5+ 41. Kf3 Bd8 42. Bf2 exf4 43. Kxf4 g5+ 44. Kf3 Ke5 45. Bg3+ Kd4 46. Bxd6 g4+ 47. hxg4 hxg4+ 48. Kf4 g3 49. Kf5 g2 50. Bh2 Bh4 51. Bg1+ Kd3 52. Kf4 Ke2 53. e5 Kf1 54. Bh2 a5 55. d6 a4 56. bxa4 bxa4 57. e6 Bf2 58. e7 Bc5 59. Ke5 Bf2 60. e8Q Bg3+ 61. Bxg3 g1Q 62. Qf7+ Ke2 63. Qf2+ Qxf2 64. Bxf2 Kxf2 65. Kd4 a3 66. Kc3 Ke3 67. d7 1-0